| 000 | 01065nam a22002537a 4500 | ||
|---|---|---|---|
| 005 | 20170124103006.0 | ||
| 010 | _aA-775350 | ||
| 020 | _c100.00 | ||
| 035 | _aA-775350 | ||
| 037 | _bCen Lib/Ret | ||
| 040 |
_aDPL _bHN |
||
| 082 |
_aक _bमेंहदी |
||
| 100 |
_aमेंहदीरत्ता, वीरेन्द्र _949449 |
||
| 245 |
_aमेरी श्रेष्ठ कहानियाँ / _cवीरेन्द्र मेंहदीरत्ता |
||
| 246 |
_aMeri shresth kahaniyan / _bby Veerendra Mehndiratta |
||
| 260 |
_aचंडीगढ़ _bअभिषेक प्रकाशन _c1996 |
||
| 270 |
_aएस.सी.ओ.57-59 सेक्टर-17 सी _bचंडीगढ़ _e160017 |
||
| 300 |
_a128पृ. _c21सेमी (सजिल्द) |
||
| 650 |
_aहिन्दी -- साहित्य _956268 |
||
| 650 |
_aहिन्दी -- कहानी _9779 |
||
| 650 |
_aHindi -- Literature _956269 |
||
| 650 |
_aHindi -- story _943117 |
||
| 942 |
_2ddc _cHN _hक _mमेंहदी |
||
| 999 |
_c114299 _d114299 |
||